Lịch sử thế giới cận đại /
Nội dung cơ bản của thời kỳ lịch sử cận đại là sự chuyển biến từ chế độ phong kiến sang chế độ tư bản chủ nghĩa, sự xác lập phương thức sản xuất tư bản chủ nghĩa trên phạm vi thế giới.
Bewaard in:
| Hoofdauteur: | |
|---|---|
| Formaat: | Boek |
| Taal: | Vietnamese |
| Gepubliceerd in: |
Hà Nội :
Giáo dục,
1999.
|
| Onderwerpen: | |
| Tags: |
Voeg label toe
Geen labels, Wees de eerste die dit record labelt!
|
| Thư viện lưu trữ: | Mạng thư viện Đại học Đà Nẵng |
|---|
| LEADER | 01078cam a2200325 i 4500 | ||
|---|---|---|---|
| 001 | 000042862 | ||
| 003 | 737 | ||
| 005 | 20041104135844.0 | ||
| 008 | 010217b1999 vm 000 vie | ||
| 020 | |c 37000 | ||
| 040 | |a IRC |c IRC |d IRC | ||
| 041 | 0 | |a vie | |
| 082 | 1 | 4 | |a 909.07 |b VU-N |
| 100 | 1 | |a Vũ Dương Ninh. | |
| 245 | 1 | 0 | |a Lịch sử thế giới cận đại / |c Vũ Dương Ninh. |
| 260 | |a Hà Nội : |b Giáo dục, |c 1999. | ||
| 300 | |a 563 tr. ; |c 24 cm. | ||
| 520 | 3 | |a Nội dung cơ bản của thời kỳ lịch sử cận đại là sự chuyển biến từ chế độ phong kiến sang chế độ tư bản chủ nghĩa, sự xác lập phương thức sản xuất tư bản chủ nghĩa trên phạm vi thế giới. | |
| 630 | 0 | 4 | |a Lịch sử thế giới. |
| 650 | 0 | 4 | |a Lịch sử thế giới cận đại. |
| OWN | |a DUT | ||
| 999 | |a From the UDN01 | ||
| TYP | |a Monograph | ||
| TYP | |a Printed language | ||
| 980 | |a Mạng thư viện Đại học Đà Nẵng | ||